Britain in Europe, 1789-1914; a survey of foreign policy (Record no. 184324)
[ view plain ]
| 000 -LEADER | |
|---|---|
| fixed length control field | 01252 a2200193 4500 |
| 003 - CONTROL NUMBER IDENTIFIER | |
| control field | Nust |
| 005 - DATE AND TIME OF LATEST TRANSACTION | |
| control field | 20230221120404.0 |
| 010 ## - LIBRARY OF CONGRESS CONTROL NUMBER | |
| LC control number | 68009599 |
| 040 ## - CATALOGING SOURCE | |
| Transcribing agency | Nust |
| 082 ## - DEWEY DECIMAL CLASSIFICATION NUMBER | |
| Classification number | 327.42, SET |
| 100 ## - MAIN ENTRY--PERSONAL NAME | |
| Personal name | Seton-Watson, Robert William |
| 9 (RLIN) | 109323 |
| 245 ## - TITLE STATEMENT | |
| Title | Britain in Europe, 1789-1914; a survey of foreign policy |
| Statement of responsibility, etc. | R W Seton-Watson, |
| 260 ## - PUBLICATION, DISTRIBUTION, ETC. | |
| Place of publication, distribution, etc. | H. Fertig, |
| Name of publisher, distributor, etc. | New York |
| Date of publication, distribution, etc. | 1968 |
| 300 ## - PHYSICAL DESCRIPTION | |
| Extent | ix, 716 p |
| Other physical details | 24 cm |
| 505 ## - FORMATTED CONTENTS NOTE | |
| Formatted contents note | The Genesis Of Our Foreign Policy (Page-38), Introduction; Castlereagh And The Holy Alliance (Page-67), Canning And The New Diplomacy (Page-121), Interlud; Wellington And Aberdeen (Page-149), The Rapprochement Of The Western Powers (Page-192), The Eastern Question And The Crisis Of The Entente (Page-223), Aberdeen And The Entente Cordiale (Page-241), Palmerston And The New Spirit (Page-301), The Origins Of The Crimean War (Page-328),The Aftermath; Roumania And Italy (Page-361), Interference As A Policy (Page-395), Non Intervention And Isolation (Page-466), Disraeli And The Eastern Question (Page-505), The Berlin Settlement (Page-534), The Return To Isolation (Page-546). |
| 600 ## - SUBJECT ADDED ENTRY--PERSONAL NAME | |
| Personal name | Seton-Watson, Robert William |
| 9 (RLIN) | 109323 |
| 650 ## - SUBJECT ADDED ENTRY--TOPICAL TERM | |
| Topical term or geographic name entry element | Britain in Europe, 1789-1914; a survey of foreign policy |
| 9 (RLIN) | 109324 |
| 942 ## - ADDED ENTRY ELEMENTS (KOHA) | |
| Source of classification or shelving scheme | |
| Koha item type | Book |
| Withdrawn status | Lost status | Source of classification or shelving scheme | Damaged status | Not for loan | Permanent Location | Current Location | Shelving location | Date acquired | Full call number | Barcode | Date last seen | Price effective from | Koha item type | Public note |
|---|---|---|---|---|---|---|---|---|---|---|---|---|---|---|
| Military College of Signals (MCS) | Military College of Signals (MCS) | General Stacks | 12/12/2016 | 327.42,SET | MCS29401 | 12/08/2016 | 12/12/2016 | Book | Almirah No.50, Shelf No.1 |
